| 000 | 00415nam a2200157 i 4500 | ||
|---|---|---|---|
| 001 | 21230 | ||
| 003 | ES-MaACL | ||
| 005 | 20230906152437.0 | ||
| 007 | t| | ||
| 008 | 021122s1916 fr ||||1| fre d | ||
| 100 | 1 |
_aAdam, Paul. _918367 |
|
| 245 | 1 | 0 |
_aDans l'air qui temble _b: (1914-1915) / _cPaul Adam. |
| 260 |
_aTours : _bE. Arrault et Cie, _c1916. |
||
| 300 |
_a258 p. ; _c19 cm. |
||
| 852 |
_aES-MaACL _jF-2954 |
||
| 999 |
_c21230 _d21230 |
||